Представление документа в формате RUSMARC

ПолеНазваниеЗначение
  Тип записи a
  Библиографический уровень a
001 Контрольный номер RU/REG73/CBS_GRAD/9daca091aa1642de960abec7e4bfa714
005 Дата корректировки 20251106141940.4
100 Данные общей обработки __
a Данные общей обработки 20251106a20251024||| 0rusy0189 ca
101 Язык документа 0_
a Язык текста rus
102 Страна публикации __
a Страна публикации RU
200 Заглавие и сведения об ответственности 1_
a Заглавие Юбилей на шесть нолей
e Сведения, относящиеся к заглавию Завод Gilaved в промзоне "Заволжье" произвел миллионную шину
f Первые сведения об ответственности И. Черных
461 Уровень набора _0
1 2000
a Ульяновская правда
463 Уровень физической единицы _0
1 2000
a № 79 (24.835) (24 октября)
v С.2
1 2101
d 2025
1 001RU/REG73/CBS_GRAD/a62b0631405e4f529a2c64df349a1fb6
606 Тематические рубрики 0_
a Основная рубрика Промышленность
610 Ключевые слова 0_
a Ключевые слова промышленность региона, заводы в Ульяновской области
700 Автор _1
a Фамилия Черных
b Имя (инициалы) И.
g Полное личное имя Игорь
4 Код отношения 070
801 Источник записи _0
a Страна RU
b Организация RuCBSGrad
c Дата составления 20251106
g Правила каталогизации RCR
801 Источник записи _1
a Страна RU
b Организация RuCBSGrad
c Дата составления 20251106
g Правила каталогизации RCR
852 Данные о местонахождении __
a Наименование организации МБУК ЦБС г. Димитровграда
901 Тип документа __
t Тип документа f
w Контрольный № источника RU/REG73/CBS_GRAD/a62b0631405e4f529a2c64df349a1fb6
909 Создатель записи __
a Создатель записи Тенигина
b Дата создания записи 20251106